College Football General Knowledge Quiz #2 - Statistics

General Stats
  • This quiz has been taken 54 times
  • The average score is 17 of 20
Answer Stats
Hint Answer % Correct
What is Texas Christian's school mascot? Horned Frogs
100%
- Rose Bowl
100%
What conference plays its championship game in Atlanta, Georgia? Southeastern Conference
100%
Which two states have a school with the name Miami? Florida
98%
- Ohio
98%
Name one of the Power 5 teams who play home games in a "Memorial Stadium" Clemson, Illinois, Indiana, Kansas, Missouri, Nebraska, North Carolina, Oklahoma, USC, Texas
93%
What school is best known for its annual "Whiteout" game? Penn State
93%
What school has the largest victory in national championship history? Georgia
91%
Which school has produced the most First Round NFL Draft picks? Ohio State
89%
- Orange Bowl
89%
What are the six "New Years 6" bowl games? Cotton Bowl
87%
- Fiesta Bowl
87%
Who is the most recent wide receiver to win the Heisman Trophy? Devonta Smith
80%
Who was Virginia Tech's quarterback in 1999 and 2000? Michael Vick
78%
What car company's advertisements include the "Heisman House" filled with Heisman Trophy winners from the past? Nissan
78%
- Peach Bowl
78%
- Sugar Bowl
76%
What college stadium has the largest capacity? The Big House (Michigan Stadium)
69%
The first ever college football game was played on what school's campus? Rutgers
62%
What NFL legend played college football at Mississippi Valley State? Jerry Rice
47%
No matching quizzes found
Score Distribution
Percent of People with Each Score
Percentile by Number Answered
Your Score History
You have not taken this quiz